00704nam a2200133 a 450000100100000000500170001000800410002704000250006824502670009326000670036030000210042795201050044899900170055300003977620201002033728.0130719s1940 dr 000 0 spa d aDO-SdBNPbspacBNPHU00aMemoria que al honorable doctor M. de J. Troncoso de la Concha encargado del Poder Ejecutivo presenta el Lc. Arturo Despradel secretario de Estado de Relaciones Exteriores,relativa a las actividades realizadas en el departamento a su cargo durante el año 1939. aCiudad Trujillo, República Dominicana :bLa Nación,c1940. a427 p. ;c25 cm. 0010718PDaPDbPDcCTd2013-07-19iLF1l0o p39776-10r2020-06-25w2020-06-25yLFPDZNo se presta c39266d39266